000 00740nam a2200205Ia 4500
003 BUBTL
008 151213s9999 xx 000 0 und d
020 _a9843212509
082 _a342/ Sh139s/ 2005
100 _aশহীদ, এম. শহীদুল ইসলাম
_94788
245 _aসাংবিধানিক আইন :
_cএম. শহীদুল ইসলাম শহীদ
250 _a1st
260 _aDhaka
_bধান সিড়ি ’ল’ বৃুক সেন্টার
_cc2005
300 _a411p. :
_b21 cm
650 _aLaw
700 _aএম. শহীদুল ইসলাম শহীদ
_94789
856 _k0
_l0
_yDownload
942 _2ddc
_cBK
999 _c3133
_d3133